000 00708nam a2200157 a 4500
008 220228s2018 ||||||||||||||||| || u
050 _aCBU-PG THESIS/GON
100 _aGondwe Towela Laura
245 1 4 _aThe impact of Conservation Farming on Household Food Security among Small Holder Farmers in the Lukoshi Camp of Chongwe District
_cBy Laura Towela Gondwe
260 _aKitwe
_bCopperbelt University
_c2018
300 _axiii, 78 Pages :illustrations
650 _aFOOD SECURITY - ZAMBIA
650 _aFOOD CONSERVATION - ZAMBIA
650 _aCONSERVATION FARMING
995 _FCBU-MAIN LIBRARY (Kitwe)
_M1
_UAVAILABLE
_WMay 5, 2022
_ZUniversity Collection
999 _c46243
_d46243